000 00726cam a2200205 4500
001 WB3704-05
008 000000n2001 000 0 eng u
035 _a(Sirsi) u110543
245 _aMOD launches first 'one-stop' deal
260 _c2001
490 _aBuilding
_v266(8165) 19 January 2001, 14(1)
520 _aThe first prime contract of the government's new approach to procurement should be unveiled before the end of January 2001. Known as one-stop shops, they signify changes to speed up and simplify procurement policy.
590 _aWB
650 _aMINISTRY OF DEFENCE
650 _aONE-STOP SHOPS
650 _aPRIME CONTRACTS
650 _aProcurement-old
690 _aProcurement
_96260
942 _n0
999 _c65898
_d65898